MDQL
is popping MORE tags! Check the
thread
!
Quizzes
Events
Quiz Creation
Community
Videos
Private Events
Remove Ads
Sign In
Join for FREE
Feedback
Dark Mode
Quiz Categories
Sports
Geography
Music
Movies
Television
Just For Fun
Miscellaneous
History
Literature
Language
Science
Gaming
Entertainment
Religion
Holiday
For Kids
Quiz Lab
Recent
Popular Today
Quiz Kudos Today
Editor Picks
Curator Picks
Quizzes by...
Day
Popularity
Type
Ratings
Length
Year
Community
Subscriptions
Recent Discussions
Orange Saloon
Badges
Playlists
Quests
Create
Leaderboards
Showdown
Live 5
Trivia Bingo
Activity
Puzzle Library
Sporcle Events
Private Events
Virtual Trivia
Globe League
Become a Host
Pub Owners
SporcleCon
Opinionation
Our Games
Videos
Blog
Mobile Apps
Partnerships
Remove Ads and Go Orange
Feedback
Miscellaneous
Crossword
General Knowledge
Baby Names
Logo
Food
Cars
Numbers
Grab Bag
University
College
Popular
Company
Slogans
Restaurants
Justice
Letter
Miscellaneous
Crossword
General Knowledge
Baby Names
Logo
Food
Cars
Numbers
Grab Bag
University
College
Popular
Company
Slogans
Restaurants
Justice
Letter
Random Quiz
Search Sporcle
×
Quiz Lab
Quiz Lab
Miscellaneous
Mazda
Type in answers that appear in a list
Type in answers that appear in a list
Classic
Best Score? Go Orange.
List of Mazda Cars 1980- Stats
Can you name the List of Mazda Cars 1980-?
By
larryq
20m
25 Questions
253 Plays
253 Plays
253 Plays
Comments
Comments
Give Quiz Kudos
Give Quiz Kudos
-
- Ratings
hide this ad
Replay
Link that replays current quiz
Next Quiz
Link to next quiz in quiz playlist
You Got
0%
They Got
Avg Score
57%
Avg Friend Score
Upgrade to see
Score Distribution
Jump to the score distribution portion of the page
Score
0/25
Timer
20:00
0
Plays Today
Body Style
Answer
% Correct
Coupe/
Convertible
RX-7
83%
Coupe/
Convertible
Miata
82.6%
SUV
CX-5
79.4%
Coupe/
Convertible
RX-8
78.3%
SUV
CX-3
76.3%
Hatchback/
Sedan
323
75.9%
SUV
CX-9
75.9%
SUV
CX-7
75.9%
Sedan
626
75.1%
Sedan
929
58.5%
Coupe
MX-6
55.7%
Coupe
MX-3
54.9%
SUV
Tribute
54.9%
Body Style
Answer
% Correct
Minivan
MPV
54.5%
Sedan
6
51%
Wagon
6
51%
Hatchback/
Sedan
3
49.8%
Minivan
5
46.6%
Hatchback
2
44.7%
Sedan
Protege
43.9%
Wagon
Protege
43.9%
Pickup
B-Series
43.1%
Sedan
Millenia
38.3%
SUV
Navajo
28.1%
Hatchback/
Sedan
GLC
27.3%
Quiz Playlist
Details
Report
Send in Message
Add To Playlist
Classic:
Type in answers that appear in a list
Last Updated: May 19, 2017
Quiz Scoreboard
CHALLENGE
Sign Up to Join the Scoreboard
Show All
Scores
Hide
Comments
May contain spoilers
Recently Published
5x2 Blitz: Bands
by SL_Kpop136
Music
30s
Colored Red Africa Blitz
by spor1
Geography
30s
Find the 'City' Movie
by crazypaving
Movies
60s
More to Explore
Quiz From the Vault
Featured Blog Post
14 Easter Pick-up Lines to Find Eggs With
hide this ad
You Might Also Like...
Tags
Body
car
Mazda
model
Style
Today's Top Quizzes in Miscellaneous
Browse Miscellaneous
hide this ad
Top Contributed Quizzes in Miscellaneous
1
The JOE quick-fire general knowledge quiz: Day 174
2
5-to-1: Fast Food
3
9x9 Crossword: Disney Movie Titles
4
9x9 Crossword: Charlie and the Chocolate Factory
5
The JOE quick-fire general knowledge quiz: Day 173
6
9x9 Crossword: 2022 Movies
7
9x9 Crossword: Actors
8
9x9 Crossword: The Simpsons
9
9x9 Crossword: Pixar Movie Titles
10
9x9 Crossword: Flags
Explore More
Trending Topics
Harry Potter
Crossword
Anime
NBA
Marvel
Disney
Kpop
Pokémon
Song
Puzzle
NFL
WWE
Soccer
The Office
Country
hide this ad
More By:
larryq
Quiz
Plays
Rating
Category
Featured
Created
List of Volkswagen Cars 1980-
363
3.60
Miscellaneous
Jun 8, 2017
List of Ford Cars 1980-
283
3.67
Miscellaneous
May 15, 2017
List of Toyota Cars 1980-
282
Miscellaneous
Jun 8, 2017
List of Subaru Cars 1980-
254
3.50
Miscellaneous
May 21, 2017
List of Mazda Cars 1980-
253
Miscellaneous
May 19, 2017
Go to Creator's Profile
Score Distribution
Quiz Creator Spotlight
larryq
Follow
Send a Message
Quizzes Created
-
Created Quiz Play Count
-
More By This Creator
Popular Quizzes Today
1
Colored Red Africa Blitz
2
Find the US States - No Outlines Minefield
3
Find the 'City' Movie
4
5x2 Blitz: Bands
5
The Countries of the World
6
Find the US States
7
US States
8
Find the Countries of Europe - No Outlines Minefield
More Miscellaneous Quizzes
Sporcle Acrostic Puzzle XV
Published
Trending Quizzes
Colored Red Europe Blitz I
Colored Red Europe Blitz II
Colored Red Africa Blitz II
Colored Red Europe Blitz III
Colored Red Africa Blitz III
Recently Updated
How Do You Spell That?
pecheneg
Godzilla Movies
pecheneg
Grab Bag: 4-10 Letters
pecheneg
2024 March Madness Bracket
pecheneg
Famous TV Couples
Peacemaker
Champions League XIs: Real Madrid
pecheneg
Largest US Cities 1790-2010
pecheneg
Rides in Walt Disney World
pecheneg
Most Oscar Losses (Acting)
pecheneg
Beyoncé Albums
pecheneg
Trending Topics
Harry Potter
NBA
Crossword
Marvel
Anime
Kpop
Disney
Soccer
Puzzle
Country
Song
WWE
The Office
Pokémon
NFL
Your Account Isn't Verified!
In order to create a playlist on Sporcle, you need to verify the email address you used during registration. Go to your
Sporcle Settings
to finish the process.
Report this User
Report this user for behavior that violates our
Community Guidelines
.
Details:
Send Report
Go to the Sporcle.com Mobile Site →
Comments